| 000 | 00966nam a2200229 u 4500 | ||
|---|---|---|---|
| 001 | 000196106 | ||
| 003 | AM-YeHGA | ||
| 005 | 20250617123903.0 | ||
| 008 | 981021s1979 ru |||||||||||||||0|rus|d | ||
| 040 | _aAM-YeHGA | ||
| 041 | 0 | _arus | |
| 100 | 1 | _aМитропольский, Александр Сергеевич | |
| 245 | 1 | 0 |
_aУран и торий в эволюции земной коры южной части Алтае-Саянской складчатой области / _cА.С. Митропольский. |
| 260 |
_aМосква : _bНаука, _c1979. |
||
| 300 | _a220 с. | ||
| 504 | _aБиблиогр.: с. 199-211 | ||
| 550 | _aАН СССР. СО. Ин-т геологии и геофизики | ||
| 650 | 1 | 4 |
_aУран _xГеохимия _zАлтае-Саянская горная область |
| 650 | 1 | 4 |
_aТорий _xГеохимия _zАлтае-Саянская горная область |
| 942 |
_2udc _cBK |
||
| 090 | _c69102 | ||
| 999 |
_c67944 _d67944 |
||